| 000 -CABECERA |
| Campo de control de longitud fija |
02760nam a22002177a 4500 |
| 001 - NÚMERO DE CONTROL |
| Campo de control |
BH32754 |
| 003 - IDENTIFICADOR DEL NÚMERO DE CONTROL |
| Campo de control |
ES-SlBCS |
| 005 - FECHA Y HORA DE LA ÚLTIMA TRANSACCIÓN |
| Campo de control |
20260630090140.0 |
| 008 - CÓDIGOS DE INFORMACIÓN DE LONGITUD FIJA |
| Campo de control de longitud fija |
260630s1734 spa||||| |||| 001 0 spa d |
| 040 ## - FUENTE DE LA CATALOGACIÓN |
| Centro catalogador del origen |
ES-SIBCS |
| Lengua de catalogación |
spa |
| 100 1# - PUNTO DE ACCESO PRINCIPAL-NOMBRE DE PERSONA |
| Nombre de persona |
José de la Virgen i Herrera |
| 9 (RLIN) |
26570 |
| 245 1# - MENCIÓN DE TÍTULO |
| Título |
Doctrina Christiana, moral y dogmatica |
| Resto del título |
Dialogo entre un catholico Romano, i un Reformado ó Protestante catequizado |
| Mención de responsabilidad, etc. |
Dispuesta por el R. P. Pdo. Fr. Joseph de la Virgen i Herrera...Orden de N. S. del Carmen... |
| 260 ## - PUBLICACIÓN, DISTRIBUCIÓN, ETC... (PIE DE IMPRENTA) |
| Lugar de publicación, distribución, etc. |
[s.l.] |
| Nombre del editor, distribuidor, etc. |
[s.n.] |
| Fecha de publicación, distribución, etc. |
, 1734 |
| 300 ## - DESCRIPCIÓN FÍSICA |
| Extensión |
[36], 239, [5], p. |
| Otras características físicas |
16 cm |
| 500 ## - NOTA GENERAL |
| Nota general |
A mano: Fr. Juan Rodriguez |
| 505 ## - NOTA DE CONTENIDO CON FORMATO |
| Nota de contenido con formato |
Índice de los artículos que en esta obra se contienen |
| Título |
Articulo I. Trata de la obscuridad de la Sagrada Escritura i dificultad de su inteligencia 21 Articulo II Trata de los errores condenados en la Iglesia Primitiva, suscitados de nuevo por Calvino, i Lutero, i contiene una breve explicación de los mas principales Articulos del Symbolo de la Fe, como tambien de auxilios, Gracia, Justificacion. i Reprobacion 27 Articulo III Trata del Septenario numero de los Sacramentos, sus materias, formas, i efectos, i que no son mas en numero, ni menos 69 Articulo IV Trata del Sacramento del Baptismo, i que este debe ministrarse a los parvulos, como a los adultos 77 Articulo V Trata del Sacramento de la Confirmacion, del Chrisma Consagrado, i de todos los demás requisitos de este Sacramento 84 Articulo VI Trata del Sacramento de la Penitencia, de la potestad de sus Ministros, de la confession auricular, con todo lo que pertenece a el valor de este Sacramento 98 Articulo VII Trata del Sacramento de Extrema-Uncion, i se explican sus efectos 118 Articulo VIII. Trata del Purgatorio, de el reato de la culpa porque son en él detenidas las almas, i tambien como los sufragios de la Iglesia Militante les sufraga 124 Articulo IX Trata de la Institucion del Sacramento de la Eucharistía, i de la real existencia de Christo Sacramentado en las especies de Pan i Vino por verdadera transubstanciacion 142 Articulo X Trata del Soberano Sacrificio de la Missa i de la institucion de sus Ceremonias i de la Sagrada Comunion 161 Articulo XI Trata del Sacramento del Orden, i del Character que con él imprime, como tambien en los Sacramentos de Baptismo i Confirmacion 179 Articulo XII Trata del Sacramento de el Matrimonio, con todos los requisitos necessarios para su perpetuidad i valor 187 Articulo XIII Trata de la difinicion de la Iglesia i su explicacion 191 Articulo XIV Trata que la Iglesia es Una, Santa, Catholica; Apostolica, Romana, i que fuera de ella no hai salvacion 202 |
| 561 ## - NOTA DE PROCEDENCIA |
| Procedencia |
Convento de Jerez |
| 650 ## - PUNTO DE ACCESO ADICIONAL DE MATERIA-TÉRMINO DE MATERIA |
| Término de materia o nombre geográfico como elemento inicial |
Doctrina cristiana |
| Subdivisión cronológica |
Obras anteriores a 1800 |
| 9 (RLIN) |
5911 |
| 752 ## - PUNTO DE ACCESO ADICIONAL-NOMBRE JERÁRQUICO DE LUGAR |
| País o entidad superior |
España |
| 942 ## - ENTRADA DE ELEMENTOS AGREGADOS (KOHA) |
| Fuente de clasificaión o esquema |
|
| Koha [por defecto] tipo de item |
Libro Antiguo |